Ever Stanley Cup Runner-Up, Ever (Hard Vers.) - Statistics

General Stats
  • This quiz has been taken 33 times
    6 since last reset
  • The average score is 98 of 150
Answer Stats
Hint Answer % Correct
St. Louis Blues Boston Bruins
100%
Chicago Blackhawks Boston Bruins
100%
Dallas Stars Buffalo Sabres
100%
Tampa Bay Lightning Calgary Flames
100%
Tampa Bay Lightning Dallas Stars
100%
Pittsburgh Penguins Detroit Red Wings
100%
Florida Panthers Edmonton Oilers
100%
Florida Panthers Edmonton Oilers
100%
Carolina Hurricanes Edmonton Oilers
100%
Vegas Golden Knights Florida Panthers
100%
Tampa Bay Lightning Montreal Canadiens
100%
Pittsburgh Penguins Nashville Predators
100%
Los Angeles Kings New Jersey Devils
100%
Colorado Avalanche New Jersey Devils
100%
Los Angeles Kings New York Rangers
100%
Chicago Blackhawks Philadelphia Flyers
100%
Detroit Red Wings Pittsburgh Penguins
100%
Pittsburgh Penguins San Jose Sharks
100%
Colorado Avalanche Tampa Bay Lightning
100%
Chicago Blackhawks Tampa Bay Lightning
100%
Boston Bruins Vancouver Canucks
100%
Washington Capitals Vegas Golden Knights
100%
Edmonton Oilers Boston Bruins
67%
Edmonton Oilers Boston Bruins
67%
Montreal Canadiens Boston Bruins
67%
Montreal Canadiens Boston Bruins
67%
Philadelphia Flyers Boston Bruins
67%
Montreal Canadiens Boston Bruins
67%
Montreal Canadiens Boston Bruins
67%
Montreal Canadiens Boston Bruins
67%
Montreal Canadiens Boston Bruins
67%
Detroit Red Wings Boston Bruins
67%
Montreal Canadiens Boston Bruins
67%
Ottawa Senators Boston Bruins
67%
Philadelphia Flyers Buffalo Sabres
67%
Montreal Canadiens Calgary Flames
67%
Montreal Canadiens Calgary Tigers
67%
Detroit Red Wings Carolina Hurricanes
67%
Pittsburgh Penguins Chicago Blackhawks
67%
Montreal Canadiens Chicago Black Hawks
67%
Montreal Canadiens Chicago Black Hawks
67%
Montreal Canadiens Chicago Black Hawks
67%
Toronto Maple Leafs Chicago Blackhawks
67%
Montreal Canadiens Chicago Black Hawks
67%
Montreal Canadiens Chicago Black Hawks
67%
New Jersey Devils Dallas Stars
67%
New Jersey Devils Detroit Red Wings
67%
Montreal Canadiens Detroit Red Wings
67%
Toronto Maple Leafs Detroit Red Wings
67%
Toronto Maple Leafs Detroit Red Wings
67%
Chicago Black Hawks Detroit Red Wings
67%
Montreal Canadiens Detroit Red Wings
67%
Toronto Maple Leafs Detroit Red Wings
67%
Toronto Maple Leafs Detroit Red Wings
67%
Toronto Maple Leafs Detroit Red Wings
67%
Toronto Maple Leafs Detroit Red Wings
67%
Boston Bruins Detroit Red Wings
67%
Chicago Black Hawks Detroit Red Wings
67%
Ottawa Senators Edmonton Eskimos
67%
New York Islanders Edmonton Oilers
67%
Colorado Avalanche Florida Panthers
67%
Montreal Canadiens Los Angeles Kings
67%
New Jersey Devils Mighty Ducks of Anaheim
67%
Pittsburgh Penguins Minnesota North Stars
67%
New York Islanders Minnesota North Stars
67%
Quebec Bulldogs Moncton Victorias
67%
Calgary Flames Montreal Canadiens
67%
Toronto Maple Leafs Montreal Canadiens
67%
Detroit Red Wings Montreal Canadiens
67%
Detroit Red Wings Montreal Canadiens
67%
Detroit Red Wings Montreal Canadiens
67%
Toronto Maple Leafs Montreal Canadiens
67%
Toronto Maple Leafs Montreal Canadiens
67%
Victoria Cougars Montreal Canadiens
67%
Seattle Metropolitans Montreal Canadiens
67%
Toronto Hockey Club (Blueshirts) Montreal Canadiens
67%
New York Rangers Montreal Maroons
67%
Ottawa Hockey Club (Silver Sevens) Montreal Victorias
67%
Kenora Thistles Montreal Wanderers
67%
Ottawa Hockey Club (Silver Sevens) Montreal Wanderers
67%
Edmonton Oilers New York Islanders
67%
Montreal Canadiens New York Rangers
67%
Boston Bruins New York Rangers
67%
Detroit Red Wings New York Rangers
67%
Detroit Red Wings New York Rangers
67%
Toronto Maple Leafs New York Rangers
67%
Boston Bruins New York Rangers
67%
Anaheim Ducks Ottawa Senators
67%
Vancouver Millionaires Ottawa Senators
67%
Montreal Wanderers Ottawa Victorias
67%
Detroit Red Wings Philadelphia Flyers
67%
Edmonton Oilers Philadelphia Flyers
67%
Edmonton Oilers Philadelphia Flyers
67%
New York Islanders Philadelphia Flyers
67%
Montreal Canadiens Philadelphia Flyers
67%
Montreal Canadiens Portland Rosebuds
67%
Ottawa Senators Seattle Metropolitans
67%
Boston Bruins St. Louis Blues
67%
Montreal Canadiens St. Louis Blues
67%
Montreal Canadiens St. Louis Blues
67%
Quebec Bulldogs Sydney Millionaires
67%
Montreal Wanderers Toronto Hockey Club (Blueshirts)
67%
Montreal Canadiens Toronto Maple Leafs
67%
Montreal Canadiens Toronto Maple Leafs
67%
New York Rangers Toronto Maple Leafs
67%
Boston Bruins Toronto Maple Leafs
67%
Chicago Black Hakws Toronto Maple Leafs
67%
Detroit Red Wings Toronto Maple Leafs
67%
Montreal Maroons Toronto Maple Leafs
67%
New York Rangers Toronto Maple Leafs
67%
New York Rangers Vancouver Canucks
67%
New York Islanders Vancouver Canucks
67%
Toronto St. Pats Vancouver Millionaires
67%
Ottawa Senators Vancouver Millionaires
67%
Toronto Arenas Vancouver Millionaires
67%
Montreal Maroons Victoria Cougars
67%
Detroit Red Wings Washington Capitals
67%
Montreal Wanderers Winnipeg Maple Leafs
67%
Montreal Hockey Club (AAA Winged Wheelers) Winnipeg Victorias
67%
Montreal Hockey Club (AAA Winged Wheelers) Winnipeg Victorias
67%
Montreal Shamrocks Winnipeg Victorias
67%
Montreal Wanderers Berlin Dutchmen
33%
Ottawa Hockey Club (Silver Sevens) Dawson City Nuggets
33%
Ottawa Hockey Club (Senators) Edmonton Hockey Club (Thistles)
33%
Montreal Wanderers Edmonton Hockey Club (Thistles)
33%
Ottawa Hockey Club (Senators) Galt Hockey Club (Professionals)
33%
Ottawa Hockey Club (Senators) Galt Hockey Club (Professionals)
33%
Montreal Shamrocks Halifax Crescents
33%
Montreal Wanderers Kenora Thistles
33%
Winnipeg Victorias Montreal Shamrocks
33%
Winnipeg Victorias Montreal Victorias
33%
Montreal Wanderers New Glasgow Cubs
33%
Montreal Victorias Ottawa Capitals
33%
Montreal Hockey Club (AAA Winged Wheelers) Ottawa Hockey Club (Generals)
33%
Montreal Wanderers Ottawa Hockey Club (Silver Sevens)
33%
Ottawa Hockey Club (Senators) Port Arthur Bearcats
33%
Ottawa Hockey Club (Silver Sevens) Queen's University
33%
Montreal Shamrocks Queen's University
33%
Montreal Hockey Club (AAA Winged Wheelers) Queen's University
33%
Ottawa Hockey Club (Silver Sevens) Rat Portage Thistles
33%
Ottawa Hockey Club (Silver Sevens) Rat Portage Thistles
33%
Ottawa Hockey Club (Silver Sevens) Smiths Falls Hockey Club
33%
Ottawa Hockey Club (Silver Sevens) Toronto Marlboros
33%
Winnipeg Victorias Toronto Wellingtons
33%
Toronto Hockey Club (Blueshirts) Victoria Aristocrats
33%
Kenora Thistles Wheat City Hockey Club
33%
Ottawa Hockey Club (Silver Sevens) Wheat City Hockey Club
33%
Ottawa Hockey Club (Silver Sevens) Winnipeg Rowing Club
33%
Montreal Victorias Winnipeg Victorias
33%
Montreal Victorias Winnipeg Victorias
33%
No matching quizzes found
Score Distribution
Percent of People with Each Score
Percentile by Number Answered
Your Score History
You have not taken this quiz since the last reset